00598nam a2200193 a 450000100100000000500170001000800410002704100090006810000270007724500810010425000120018526000410019730000110023849000350024965000250028465000270030965000420033670000260037800005566220200120223133.0990304s1970 sp gr 000 0 spa d0 a*spa1 aClarke, Arthur Charles14aUna odisea espacial 2001 /cArthur Charles Clarke ; prologo de Roman Gubern. a1a. ed. aNavarra (España) :bSalvat,c1970. a185 p.0 aBiblioteca Básica Salvatv5217aNovela inglesa2LEMB27aNaves espaciales2LEMB27aEspacio exteriorxExploración2LEMB1 aGubern, Roman,eprol.